000 nam a22 7a 4500
999 _c128019
_d128019
008 180706b xxu||||| |||| 00| 0 eng d
050 _aBV5095.L3G322
100 _aGem, Stanley Harvey
_941765
245 _aThe Mysticism of William law:
_ba study
_c/by Rev.S. Harvey Gem, M. A.
260 _aNew York:
_bE.S. Gorham;
_c1914
300 _a92p.;
_c19cm.
650 _aLaw, William
_941766
942 _2lcc
_cMONOGRAPH